000 00714nam a2200229Ia 4500
003 OSt
005 20220918110136.0
006 a|||||r|||| 00| 0
007 ta
008 220915b |||||||| |||| 00| 0 eng d
024 _a55604
037 _cReference Collections
040 _aARTS
_cARTS
_beng
041 _2eng
_aeng
082 _aP15k, 111M0(RR)
100 _aVaidya L R
_95961
245 0 _aStandard Sanskrit English dictionary containing appendices on saskrit paasody and names of noted mythological persons etc
260 _aN.Delhi
_bAsian Pub
_c1980
650 _aLINGUISTICS
942 _hP15k, 111M0(RR)
_cREF
999 _c111294
_d111294